Statistics for Best Current NBA Players from Each Team

Click here to take the quiz!

General Stats

  • This quiz has been taken 1,462 times
  • The average score is 16 of 30

Answer Stats

TeamPlayer% Correct
WarriorsStephen Curry
100%
RocketsJames Harden
90%
WizardsJohn Wall
84%
SpursKawhi Leonard
80%
ThunderKevin Durant
71%
MavericksDirk Nowitzki
66%
LakersKobe Bryant
66%
PelicansAnthony Davis
63%
TrailblazersDamian Lillard
63%
HeatDwayne Wade
63%
GrizzliesMike Conley, Jr.
63%
CavaliersLebron James
61%
PacersPaul George
61%
RaptorsKyle Lowry
58%
HornetsKemba Walker
57%
BullsJimmy Butler
56%
TimberwolvesKarl Anthony Towns
56%
PistonsAndre Drummond
54%
KingsDemarcus Cousins
51%
Bucks‎Giannis Antetokounmpo
48%
JazzGordon Hayward
47%
CelticsIsaiah Thomas
47%
NetsBrook Lopez
45%
HawksAl Horford
38%
ClippersChris Paul
34%
KnicksCarmelo Anthony
30%
SunsEric Bledsoe
25%
76ersJahlil Okafor
18%
MagicVictor Oladipo
15%
NuggetsEmmanuel Mudiay
8%

Score Distribution

Percentile by Number Answered

Percent of People with Each Score

Your Score History

You have not taken this quiz